LEADER 01507nam0 22003491i 450 001 UON00415795 005 20231205104759.999 100 $a20130108d1965 |0itac50 ba 101 $afre 102 $aCH 105 $a|||| 1|||| 200 1 $aOsée$fEdmond Jacob. *Joël, Abdias, Jonas$fCarl-A. Keller. *Amos$fSamuel Amsler 210 $a Neuchatel$cDelachaux & Niestlé$d1965 215 $a295 p.$d25 cm. 410 1$1001UON00415704$12001 $aCommentaire de l'Ancien Testament$1210 $aNeuchatel$cDelachaux et Niestle$v11a 606 $aBIBBIA$xVECCHIO TESTAMENTO$xAMOS$3UONC013207$2FI 606 $aBIBBIA$xVECCHIO TESTAMENTO$xABDIA$3UONC013226$2FI 606 $aBIBBIA$xVecchio Testamento$xOsea$3UONC013244$2FI 606 $aBIBBIA$xVecchio Testamento$xGiona$3UONC055130$2FI 606 $aBIBBIA$xVecchio Testamento$xGioele$3UONC082876$2FI 620 $aCH$dNeuchâtel$3UONL000211 676 $a224$cBIBBIA - Vecchio Testamento - Libri profetici$v21 700 1$aJACOB$bEdmond$3UONV024842$0187135 701 1$aAMSLER$bSamuel$3UONV212325$0206603 701 1$aKELLER$bCarl$3UONV169390$0709671 712 $aDelachaux et Niestlé$3UONV258045$4650 801 $aIT$bSOL$c20240220$gRICA 899 $aSIBA - SISTEMA BIBLIOTECARIO DI ATENEO$2UONSI 912 $aUON00415795 950 $aSIBA - SISTEMA BIBLIOTECARIO DI ATENEO$dSI FONDO OITANA 0119 $eSI 3053 7 0119 996 $aOsée$91338756 997 $aUNIOR